2014 Sports Champions Review - Statistics

General Stats
  • This quiz has been taken 50 times
    33 since last reset
  • The average score is 10 of 17
Answer Stats
Hint Answer % Correct
NBA Finals Runner Up Miami Heat
85%
Super Bowl Winner Seattle Seahawks
85%
Super Bowl Runner Up Denver Broncos
81%
NBA Finals Champion San Antonio Spurs
81%
World Cup Winner Germany
77%
MLB World Series Champion San Francisco Giants
77%
NHL Stanley Cup Champion Los Angeles Kings
69%
World Cup Runner Up Argentina
65%
NHL Stanley Cup Runner Up New York Rangers
65%
MLB World Series Runner Up Kansas City Royals
58%
NBA Finals MVP Kahwi Leonard
46%
World Cup Man of the Match Gotze
38%
MLB World Series MVP Madison Bumgarner
35%
NCAA Runner Up Kentucky
31%
Super Bowl MVP Malcolm Smith
23%
NCAA Champion UCONN
23%
NHL Stanley Cup MVP Justin Williams
19%
No matching quizzes found
Score Distribution
Percent of People with Each Score
Percentile by Number Answered
Your Score History
You have not taken this quiz since the last reset